Smerovanie Slovenska k súdržnej a dobre spravovanej spoločnosti
Stav, vývoj a možnosti zmien spoločnosti, ktoré nepatria do oblasti ekonomiky, politiky, ani správy štátu. Predmetom skúmania je spoločenský život a a ľudské aktivity spoločne tvoriacich spoločnosť štátu.
Saved in:
| Main Author: | |
|---|---|
| Other Authors: | , , , , |
| Format: | Book Chapter |
| Language: | Slovak |
| Subjects: | |
| Tags: |
No Tags, Be the first to tag this record!
|
MARC
| LEADER | 00000naa$a2200000$$$4500 | ||
|---|---|---|---|
| 001 | 0283599 | ||
| 005 | 20240502074408.6 | ||
| 041 | 0 | |a slo | |
| 044 | |a SK | ||
| 245 | 1 | 0 | |a Smerovanie Slovenska k súdržnej a dobre spravovanej spoločnosti |c Ján Bunčák, Roman Džambazovič, Anna Hrabovská, Ivan Laluha, František Novosád, Ján Sopóci |
| 520 | |a Stav, vývoj a možnosti zmien spoločnosti, ktoré nepatria do oblasti ekonomiky, politiky, ani správy štátu. Predmetom skúmania je spoločenský život a a ľudské aktivity spoločne tvoriacich spoločnosť štátu. | ||
| 610 | 2 | 0 | |a modernizácia |
| 610 | 2 | 0 | |a javy sociálne |
| 610 | 2 | 0 | |a spoločnosť |
| 610 | 2 | 0 | |a kvalita života |
| 610 | 2 | 0 | |a vývoj spoločenský |
| 610 | 2 | 0 | |a demografia |
| 100 | 1 | |a Bunčák, Ján | |
| 700 | 1 | |a Džambazovič, Roman | |
| 700 | 1 | |a Hrabovská, Anna | |
| 700 | 1 | |a Laluha, Ivan | |
| 700 | 1 | |a Novosád, František | |
| 700 | 1 | |a Sopóci, Ján | |